| 000 | 00621nam a2200193 i 4500 | ||
|---|---|---|---|
| 001 | 16703 | ||
| 003 | ES-MaACL | ||
| 005 | 20230906151358.0 | ||
| 007 | t| | ||
| 008 | 001026s2000 sp ||||1| spa d | ||
| 020 | _a84-95099-22-5 | ||
| 080 | _a262.3(460.186)(091) | ||
| 245 | 0 | 0 |
_aXIV centenario Diócesis Osma-Soria _b: premios de investigación. |
| 260 |
_a[Soria] : _bDiputación Provincial de Soria, _c[2000] |
||
| 300 |
_a575 p. : _bil. ; _c24 cm. |
||
| 651 | 4 |
_aOsma-Soria (Diócesis)- _vHistoria. _99143 |
|
| 710 | 1 |
_aSoria (Provincia). _bDiputación Provincial. _96880 |
|
| 852 |
_aES-MaACL _jL-23882 _bR.128857 |
||
| 999 |
_c16703 _d16703 |
||